| 000 | 00916nam a2200289Ia 4500 | ||
|---|---|---|---|
| 003 | OSt | ||
| 005 | 20221007123157.0 | ||
| 006 | a|||||r|||| 00| 0 | ||
| 007 | ta | ||
| 008 | 221006b |||||||| |||| 00| 0 eng d | ||
| 020 | _a9781108703031 (pbk) | ||
| 024 | _a200975 | ||
| 037 |
_b6137, 12/02/2020, Ashutosh Technical Books _cTextual |
||
| 040 |
_aPAPL _cPAPL _beng |
||
| 041 |
_2eng _aeng |
||
| 082 | _aCxM79, Q0 Carpa | ||
| 100 |
_aVan Dongen Jeroen _9716743 |
||
| 245 | 0 | _aEinstein's unification | |
| 260 |
_aNew _bYork Cambridge University Press _c2018 |
||
| 300 |
_ax, 213p. ill. _ccm. |
||
| 500 | _aReferences 191-207p.; Index 208-213p. | ||
| 650 |
_a Semivector _9716744 |
||
| 650 |
_a Theoretical physics _9716745 |
||
| 650 | _aPhysics | ||
| 942 |
_hCxM79, Q0 Carpa _cTEXL _2CC |
||
| 999 |
_c1211483 _d1211483 |
||